<?xml version="1.0" encoding="UTF-8"?>
<record
    xmlns:xsi="http://www.w3.org/2001/XMLSchema-instance"
    xsi:schemaLocation="http://www.loc.gov/MARC21/slim http://www.loc.gov/standards/marcxml/schema/MARC21slim.xsd"
    xmlns="http://www.loc.gov/MARC21/slim">

  <leader>00921cam a2200253 a 4500</leader>
  <controlfield tag="001">k  64000347 </controlfield>
  <controlfield tag="003">DLC</controlfield>
  <controlfield tag="005">20260227111524.0</controlfield>
  <controlfield tag="008">010305m19599999ko            000 0 kor c</controlfield>
  <datafield tag="010" ind1=" " ind2=" ">
    <subfield code="a">k  64000347 </subfield>
  </datafield>
  <datafield tag="035" ind1=" " ind2=" ">
    <subfield code="a">(CStRLIN)DCLP01-B2309</subfield>
  </datafield>
  <datafield tag="040" ind1=" " ind2=" ">
    <subfield code="a">Harvard Univ. Chinese-Japanese Library</subfield>
    <subfield code="c">YNH</subfield>
    <subfield code="d">DLC-R</subfield>
    <subfield code="d">DLC</subfield>
  </datafield>
  <datafield tag="050" ind1="0" ind2="0">
    <subfield code="a">PL976.4</subfield>
    <subfield code="b">.C42 1959</subfield>
  </datafield>
  <datafield tag="066" ind1=" " ind2=" ">
    <subfield code="c">$1</subfield>
  </datafield>
  <datafield tag="245" ind1="0" ind2="0">
    <subfield code="6">880-01</subfield>
    <subfield code="a">Ch&#x2BB;uch&#x2BB;&#x14F;n chakp&#x2BB;um ch&#x14F;njip /</subfield>
    <subfield code="c">[p&#x2BB;y&#x14F;nja Cho Y&#x14F;n-hy&#x14F;n].</subfield>
  </datafield>
  <datafield tag="260" ind1=" " ind2=" ">
    <subfield code="6">880-02</subfield>
    <subfield code="a">S&#x14F;ul :</subfield>
    <subfield code="b">Hy&#x14F;ndae Munhaksa,</subfield>
    <subfield code="c">Tan&#x2BC;gi 4292 [1959]-</subfield>
  </datafield>
  <datafield tag="300" ind1=" " ind2=" ">
    <subfield code="a">v. &lt;1   &gt; ;</subfield>
    <subfield code="c">19 cm.</subfield>
  </datafield>
  <datafield tag="505" ind1="1" ind2=" ">
    <subfield code="a">Che 1-kw&#x14F;n. Si p&#x2BB;y&#x14F;n --</subfield>
  </datafield>
  <datafield tag="650" ind1=" " ind2="0">
    <subfield code="a">Korean poetry</subfield>
    <subfield code="y">20th century.</subfield>
  </datafield>
  <datafield tag="700" ind1="1" ind2=" ">
    <subfield code="6">880-03</subfield>
    <subfield code="a">Cho, Y&#x14F;n-hy&#x14F;n,</subfield>
    <subfield code="d">1920-1981.</subfield>
  </datafield>
  <datafield tag="880" ind1="0" ind2="0">
    <subfield code="6">245-01/$1</subfield>
    <subfield code="a">&#x63A8;&#x85A6;&#x3000;&#x4F5C;&#x54C1;&#x3000;&#x5168;&#x96C6;&#x3000;/</subfield>
    <subfield code="c">[&#x7DE8;&#x8005;&#x3000;&#x8D99;&#x3000;&#x6F14;&#x9249;].</subfield>
  </datafield>
  <datafield tag="880" ind1=" " ind2=" ">
    <subfield code="6">260-02/$1</subfield>
    <subfield code="a">&#xC11C;&#xC6B8; :</subfield>
    <subfield code="b">&#x73FE;&#x4EE3;&#x3000;&#x6587;&#x5B78;&#x793E;,</subfield>
    <subfield code="c">&#x6A80;&#x7D00;4292 [1959]-</subfield>
  </datafield>
  <datafield tag="880" ind1="1" ind2=" ">
    <subfield code="6">700-03/$1</subfield>
    <subfield code="a">&#x8D99;&#x3000;&#x6F14;&#x9249;,</subfield>
    <subfield code="d">1920-1981.</subfield>
  </datafield>
  <datafield tag="999" ind1=" " ind2=" ">
    <subfield code="c">35345</subfield>
    <subfield code="d">35345</subfield>
  </datafield>
</record>
